[Event "SVK-chT3B2 1617"]
[Site "Slovakia"]
[Date "2017.04.02"]
[Round "11.6"]
[White "Uhrecky, Urban"]
[Black "Sosovickova, Jana"]
[Result "0-1"]
[WhiteElo "1640"]
[BlackElo "1287"]
[PlyCount "156"]
[EventDate "2016.10.16"]
[EventType "team-tourn"]
[EventRounds "11"]
[EventCountry "SVK"]
[SourceTitle "EXT 2020"]
[Source "ChessBase"]
[SourceDate "2019.10.17"]
[SourceVersion "1"]
[SourceVersionDate "2019.10.17"]
[SourceQuality "1"]
[WhiteTeam "Bojnice"]
[BlackTeam "Dubnica nad Vahom IV"]
[WhiteTeamCountry "SVK"]
[BlackTeamCountry "SVK"]

1. e4 e5 2. Nf3 Nc6 3. Bc4 Bc5 4. c3 Nf6 5. d3 h6 6. 0-0 d6 7. a4 a5 8. Nh4 Nxe4 9. Bxf7+ Kxf7 10. Qh5+ Kg8 11. dxe4 Be6 12. Be3 Bf7 13. Qg4 Ba7 14. Nf5 Qf6 15. Bxa7 Rxa7 16. Nd2 Kh7 17. Ne3 Be6 18. Qg3 Rf8 19. Nd5 Bxd5 20. exd5 Ne7 21. c4 Raa8 22. Rae1 Qf4 23. Qd3+ Qf5 24. Ne4 Kh8 25. Re3 Qd7 26. b3 Rf4 27. Rg3 Raf8 28. Qe2 Nf5 29. Rc3 Nd4 30. Qe1 Qg4 31. Rg3 Ne2+ 32. Kh1 Nxg3+ 33. Nxg3 h5 34. f3 Qg6 35. Ne2 R4f6 36. Qd2 h4 37. Qe1 Qh5 38. Ng1 b6 39. Qe3 Qg6 40. Nh3 Rf5 41. Qe4 Qh5 42. Nf2 Rf4 43. Qe3 Qg6 44. Nh3 Rd4 45. Nf2 Rdf4 46. Nh3 R4f6 47. Ng5 Qh6 48. Qc1 Rf5 49. Ne6 Qxc1 50. Rxc1 R8f7 51. Re1 R5f6 52. Re4 Rh6 53. h3 Rh5 54. Rg4 Rh6 55. Ng5 Re7 56. Re4 Kg8 57. Rg4 Rg6 58. Kh2 Re8 59. g3 hxg3+ 60. Kxg3 Rf8 61. h4 Rf5 62. Ne6 Rxg4+ 63. Kxg4 Rf7 64. f4 exf4 65. Nxf4 Kh7 66. Ne6 Kg6 67. Nf4+ Kh6 68. Ne6 g6 69. Nf4 Kg7 70. Kg5 Rf5+ 71. Kg4 Re5 72. Kf3 Kf6 73. Nd3 Re7 74. Kf4 Re2 75. b4 Rc2 76. bxa5 Rxc4+ 77. Ke3 bxa5 78. Nb2 Rxh4 0-1

[Event "SVK-chT3B2 1617"]
[Site "Slovakia"]
[Date "2017.03.19"]
[Round "10.7"]
[White "Uhrecky, Urban"]
[Black "Bebjak, Tomas"]
[Result "1-0"]
[WhiteElo "1640"]
[BlackElo "1400"]
[PlyCount "50"]
[EventDate "2016.10.16"]
[EventType "team-tourn"]
[EventRounds "11"]
[EventCountry "SVK"]
[SourceTitle "EXT 2020"]
[Source "ChessBase"]
[SourceDate "2019.10.17"]
[SourceVersion "1"]
[SourceVersionDate "2019.10.17"]
[SourceQuality "1"]
[WhiteTeam "Bojnice"]
[BlackTeam "Chynorany"]
[WhiteTeamCountry "SVK"]
[BlackTeamCountry "SVK"]

1. e4 e5 2. Nf3 d6 3. d4 exd4 4. Bc4 Be7 5. Nxd4 Nf6 6. Nc3 0-0 7. 0-0 Bd7 8. Bd3 Nc6 9. Nxc6 Bxc6 10. Nd5 Re8 11. c4 a6 12. a4 h6 13. b4 Bf8 14. Qf3 Bxd5 15. exd5 Nd7 16. Bb2 Ne5 17. Bxe5 Rxe5 18. b5 a5 19. Rae1 Qe7 20. Rxe5 Qxe5 21. Qd1 Re8 22. Kh1 g6 23. f4 Qe3 24. f5 g5 25. f6 Qd4 1-0

[Event "SVK-chT3B2 1617"]
[Site "Slovakia"]
[Date "2017.03.05"]
[Round "9.8"]
[White "Uhrecky, Urban"]
[Black "Flak, Lubomir"]
[Result "1/2-1/2"]
[WhiteElo "1640"]
[BlackElo "1670"]
[PlyCount "99"]
[EventDate "2016.10.16"]
[EventType "team-tourn"]
[EventRounds "11"]
[EventCountry "SVK"]
[SourceTitle "EXT 2020"]
[Source "ChessBase"]
[SourceDate "2019.10.17"]
[SourceVersion "1"]
[SourceVersionDate "2019.10.17"]
[SourceQuality "1"]
[WhiteTeam "Bojnice"]
[BlackTeam "Handlova"]
[WhiteTeamCountry "SVK"]
[BlackTeamCountry "SVK"]

1. e4 e6 2. d4 d5 3. e5 c5 4. c3 Nc6 5. Nf3 Qb6 6. a3 c4 7. Nbd2 Nge7 8. b4 Ng6 9. Ng5 h6 10. Nh3 Be7 11. Nf3 0-0 12. Be2 Bd7 13. Nf4 Nxf4 14. Bxf4 a5 15. 0-0 axb4 16. axb4 g5 17. Be3 f5 18. exf6 Bxf6 19. Ne5 Bxe5 20. dxe5 Qc7 21. Bc5 Rxa1 22. Qxa1 Rf7 23. Bd6 Qd8 24. Bh5 Rg7 25. f4 gxf4 26. Rxf4 Ne7 27. Rf6 Kh7 28. Qb1+ Nf5 29. Bf8 Be8 30. Bxg7 Bxh5 31. Rxh6+ Kxg7 32. Rxh5 Qb6+ 33. Kh1 Qe3 34. Qd1 Qf4 35. Rh3 Qxe5 36. Qg4+ Kf6 37. Qd1 Qe4 38. Rf3 Ke7 39. Qc1 Kd7 40. Qg1 d4 41. cxd4 Qxd4 42. Qb1 b5 43. Rf1 Ne3 44. Re1 Qd2 45. Rg1 c3 46. Qh7+ Kd6 47. Qh8 Ke7 48. Qg7+ Ke8 49. Qg8+ Ke7 50. Qg7+ 1/2-1/2

[Event "SVK-chT3B2 1516"]
[Site "Slovakia"]
[Date "2016.04.03"]
[Round "11.7"]
[White "Buco, Martin"]
[Black "Uhrecky, Urban"]
[Result "1-0"]
[WhiteElo "1688"]
[BlackElo "1655"]
[PlyCount "61"]
[EventDate "2015.10.11"]
[EventType "team-tourn"]
[EventRounds "11"]
[EventCountry "SVK"]
[SourceTitle "EXT 2018"]
[Source "ChessBase"]
[SourceDate "2017.10.13"]
[SourceVersion "1"]
[SourceVersionDate "2017.10.13"]
[SourceQuality "1"]
[WhiteTeam "Povazske Podhradie"]
[BlackTeam "Lehota pod Vtacnikom"]
[WhiteTeamCountry "SVK"]
[BlackTeamCountry "SVK"]

1. e4 c5 2. Nc3 e6 3. f4 Nc6 4. Nf3 Be7 5. Bb5 a6 6. Bxc6 bxc6 7. d3 d5 8. 0-0 d4 9. Na4 Nf6 10. b3 0-0 11. Ne5 Bb7 12. Ba3 Nd7 13. Nxd7 Qxd7 14. Nb6 Qc7 15. Nxa8 Bxa8 16. f5 Qe5 17. Qg4 Kh8 18. fxe6 fxe6 19. Rxf8+ Bxf8 20. Rf1 Bd6 21. g3 Kg8 22. Bc1 Be7 23. Bf4 Qf6 24. Bd6 h5 25. Qxh5 Qh6 26. Qe8+ Kh7 27. Bxe7 Qe3+ 28. Kg2 c4 29. Rf8 Qd2+ 30. Kh3 Qh6+ 31. Bh4 1-0

[Event "SVK-chT3B2 1516"]
[Site "Slovakia"]
[Date "2016.02.21"]
[Round "8.6"]
[White "Ulicky, Jan"]
[Black "Uhrecky, Urban"]
[Result "0-1"]
[WhiteElo "1599"]
[BlackElo "1664"]
[PlyCount "80"]
[EventDate "2015.10.11"]
[EventType "team-tourn"]
[EventRounds "11"]
[EventCountry "SVK"]
[SourceTitle "EXT 2017"]
[Source "ChessBase"]
[SourceDate "2016.10.25"]
[SourceVersion "1"]
[SourceVersionDate "2016.10.25"]
[SourceQuality "1"]
[WhiteTeam "Handlova"]
[BlackTeam "Lehota pod Vtacnikom"]
[WhiteTeamCountry "SVK"]
[BlackTeamCountry "SVK"]

1. c4 Nf6 2. Nc3 c5 3. e4 Nc6 4. Nf3 e5 5. Be2 d6 6. 0-0 Be7 7. d3 0-0 8. h3 h6 9. Bd2 Bd7 10. Nh2 Nd4 11. Bg4 Nxg4 12. Nxg4 Bg5 13. f4 exf4 14. Bxf4 Bxg4 15. Qxg4 Nc2 16. Bxg5 hxg5 17. Nd5 Nxa1 18. Rxa1 f6 19. Qe6+ Rf7 20. Rf1 Qd7 21. Qf5 Qxf5 22. Rxf5 Re8 23. g4 Re6 24. Ne3 Re5 25. Rf3 g6 26. Kg2 Kg7 27. Kg3 a6 28. Kf2 b5 29. b3 b4 30. Kg3 a5 31. Nd5 f5 32. gxf5 gxf5 33. exf5 Rexf5 34. Re3 Re5 35. Rxe5 dxe5 36. Kg4 Kg6 37. h4 gxh4 38. Kxh4 Rf2 39. Nb6 Rxa2 40. Na4 Rxa4 0-1

[Event "SVK-chT3B2 1516"]
[Site "Slovakia"]
[Date "2016.01.31"]
[Round "6.5"]
[White "Bezak, Radovan"]
[Black "Uhrecky, Urban"]
[Result "1-0"]
[WhiteElo "1659"]
[BlackElo "1664"]
[PlyCount "103"]
[EventDate "2015.10.11"]
[EventType "team-tourn"]
[EventRounds "11"]
[EventCountry "SVK"]
[SourceTitle "CBM 170 Extra"]
[Source "ChessBase"]
[SourceDate "2016.02.25"]
[SourceVersion "1"]
[SourceVersionDate "2016.02.25"]
[SourceQuality "1"]
[WhiteTeam "Chynorany"]
[BlackTeam "Lehota pod Vtacnikom"]
[WhiteTeamCountry "SVK"]
[BlackTeamCountry "SVK"]

1. d4 Nf6 2. c4 e6 3. Nc3 d5 4. Bg5 c6 5. e3 Nbd7 6. Nf3 Bb4 7. Qc2 Qa5 8. Bxf6 Nxf6 9. Nd2 0-0 10. Bd3 Qc7 11. h3 g6 12. 0-0 Bd6 13. c5 Be7 14. f4 Nh5 15. Nf3 Bf6 16. Qf2 Qd8 17. Ne2 b5 18. Ng3 Nxg3 19. Qxg3 a5 20. h4 Kh8 21. Kf2 Rg8 22. Rh1 Rg7 23. Ng5 Bxg5 24. hxg5 f5 25. Kf3 b4 26. b3 Ba6 27. Bxa6 Rxa6 28. Qe1 Qb8 29. Qe2 Ra8 30. Rhb1 Rb7 31. Rb2 a4 32. Rab1 axb3 33. Rxb3 Ra4 34. R1b2 Qa8 35. Qd2 Qa6 36. Rxb4 Raxb4 37. Rxb4 Qf1+ 38. Kg3 Qa6 39. Rxb7 Qxb7 40. Qa5 Qd7 41. Qb6 Kg7 42. a4 h6 43. gxh6+ Kxh6 44. a5 g5 45. fxg5+ Kxg5 46. a6 Qh7 47. Qd8+ Kg6 48. Qb8 Kg5 49. Kf2 Kf6 50. a7 Qh4+ 51. Qg3 Qh7 52. a8Q 1-0

[Event "SVK-chT3B2 1516"]
[Site "Slovakia"]
[Date "2016.01.10"]
[Round "5.7"]
[White "Uhrecky, Urban"]
[Black "Rehak, Vladimir"]
[Result "1/2-1/2"]
[WhiteElo "1664"]
[BlackElo "1398"]
[PlyCount "106"]
[EventDate "2015.10.11"]
[EventType "team-tourn"]
[EventRounds "11"]
[EventCountry "SVK"]
[SourceTitle "CBM 170 Extra"]
[Source "ChessBase"]
[SourceDate "2016.02.25"]
[SourceVersion "1"]
[SourceVersionDate "2016.02.25"]
[SourceQuality "1"]
[WhiteTeam "Lehota pod Vtacnikom"]
[BlackTeam "Myjava Spartak"]
[WhiteTeamCountry "SVK"]
[BlackTeamCountry "SVK"]

1. e4 e5 2. Nf3 Nc6 3. d4 exd4 4. Bc4 Bb4+ 5. c3 dxc3 6. bxc3 Be7 7. Qd5 Nh6 8. Bxh6 0-0 9. Be3 d6 10. Qd2 Bg4 11. Nd4 Ne5 12. Bb3 c5 13. Ne2 Qc7 14. Nf4 c4 15. Bc2 Bh4 16. 0-0 Rfd8 17. Nd5 Qd7 18. Bg5 Bxg5 19. Qxg5 Kh8 20. Nd2 h6 21. Qe3 Be6 22. Qg3 Rac8 23. f4 Ng4 24. f5 Bxd5 25. exd5 Nf6 26. Qf3 Rc5 27. Ne4 Nxe4 28. Bxe4 f6 29. Rae1 Ra5 30. Bb1 Qb5 31. Qh5 Qc5+ 32. Kh1 Rg8 33. Re8 Qxd5 34. Rfe1 Rb5 35. h3 Rb2 36. Rxg8+ Qxg8 37. Re8 Rxb1+ 38. Kh2 b5 39. Rxg8+ Kxg8 40. Qe2 a5 41. Qe6+ Kh7 42. Qxd6 b4 43. cxb4 axb4 44. a4 c3 45. Qd3 Rb2 46. Qd4 Rb1 47. Qc4 Rb2 48. Qd4 Rb1 49. Qc4 Rb2 50. a5 c2 51. a6 b3 52. Qg4 c1Q 53. Qg6+ Kg8 1/2-1/2

[Event "SVK-chT3B2 1516"]
[Site "Slovakia"]
[Date "2015.11.29"]
[Round "3.7"]
[White "Uhrecky, Urban"]
[Black "Maurer, Filip"]
[Result "0-1"]
[WhiteElo "1664"]
[BlackElo "1590"]
[PlyCount "58"]
[EventDate "2015.10.11"]
[EventType "team-tourn"]
[EventRounds "11"]
[EventCountry "SVK"]
[SourceTitle "CBM 170 Extra"]
[Source "ChessBase"]
[SourceDate "2016.02.25"]
[SourceVersion "1"]
[SourceVersionDate "2016.02.25"]
[SourceQuality "1"]
[WhiteTeam "Lehota pod Vtacnikom"]
[BlackTeam "Prievidza II"]
[WhiteTeamCountry "SVK"]
[BlackTeamCountry "SVK"]

1. e4 e5 2. Nf3 Nc6 3. d4 exd4 4. Bc4 Nf6 5. Nxd4 Nxe4 6. Nxc6 bxc6 7. 0-0 d5 8. Bd3 Bd6 9. Bxe4 dxe4 10. Nc3 0-0 11. Nxe4 Bxh2+ 12. Kxh2 Qh4+ 13. Kg1 Qxe4 14. Re1 Qg6 15. Re3 Bg4 16. f3 Rad8 17. Qe2 Bf5 18. Rc3 Rfe8 19. Be3 Rd6 20. Re1 h6 21. Qf2 Rde6 22. g4 Bxc2 23. Rxc2 Rxe3 24. Rxe3 Rxe3 25. Re2 Rxe2 26. Qxe2 Qb1+ 27. Kh2 Qxa2 28. Kg3 Qe6 29. b4 Qxe2 0-1

[Event "SVK-chT2B 1415"]
[Site "Slovakia"]
[Date "2015.02.14"]
[Round "8.5"]
[White "Beres, Dominik"]
[Black "Uhrecky, Urban"]
[Result "1-0"]
[WhiteElo "2103"]
[BlackElo "1740"]
[PlyCount "69"]
[EventDate "2014.10.11"]
[EventType "team-tourn"]
[EventRounds "11"]
[EventCountry "SVK"]
[SourceTitle "EXT 2019"]
[Source "ChessBase"]
[SourceDate "2018.10.10"]
[SourceVersion "1"]
[SourceVersionDate "2018.10.10"]
[SourceQuality "1"]
[WhiteTeam "Tlmace SK"]
[BlackTeam "Bojnice SK PRM"]
[WhiteTeamCountry "SVK"]
[BlackTeamCountry "SVK"]

1. e4 c5 2. Nf3 e6 3. d4 cxd4 4. Nxd4 Nc6 5. c4 Nf6 6. Nc3 Be7 7. f4 e5 8. Nf5 0-0 9. Nxe7+ Qxe7 10. f5 h6 11. Be3 b6 12. Bd3 Bb7 13. 0-0 Nb4 14. Bb1 Rac8 15. a3 Na6 16. b3 Nc5 17. Nd5 Bxd5 18. exd5 d6 19. b4 Nb7 20. Bd3 Rc7 21. g4 Nd7 22. f6 Nxf6 23. g5 Nh7 24. gxh6 g6 25. Qg4 Kh8 26. Kh1 Rg8 27. Rg1 e4 28. Bd4+ f6 29. Rae1 Qf7 30. Qxe4 Nf8 31. Qh4 Kh7 32. Bxf6 b5 33. Ref1 bxc4 34. Be4 Qe8 35. Bg7 1-0

[Event "SVK-chT3B2 1415"]
[Site "Slovakia"]
[Date "2014.12.14"]
[Round "4.2"]
[White "Hoppan, Igor"]
[Black "Uhrecky, Urban"]
[Result "1-0"]
[WhiteElo "1628"]
[BlackElo "1740"]
[PlyCount "41"]
[EventDate "2014.10.05"]
[EventType "team-tourn"]
[EventRounds "14"]
[EventCountry "SVK"]
[SourceTitle "EXT 2019"]
[Source "ChessBase"]
[SourceDate "2018.10.10"]
[SourceVersion "1"]
[SourceVersionDate "2018.10.10"]
[SourceQuality "1"]

1. e4 c5 2. Nf3 e6 3. d4 cxd4 4. Nxd4 Nc6 5. Nc3 Nf6 6. a3 Be7 7. Be2 0-0 8. 0-0 a6 9. Bf3 Ne5 10. Bf4 Nxf3+ 11. Qxf3 d6 12. e5 dxe5 13. Bxe5 Rb8 14. Bxb8 Qxd4 15. Rad1 Qb6 16. Be5 Qxb2 17. Nd5 Qxa3 18. Nxf6+ gxf6 19. Qg4+ Kh8 20. Rd3 Qb4 21. Bxf6+ 1-0

[Event "SVK-chT3B2 1415"]
[Site "Slovakia"]
[Date "2014.10.26"]
[Round "2.3"]
[White "Uhrecky, Urban"]
[Black "Krisko, Milan"]
[Result "1/2-1/2"]
[WhiteElo "1740"]
[BlackElo "1834"]
[PlyCount "142"]
[EventDate "2014.10.05"]
[EventType "team-tourn"]
[EventRounds "14"]
[EventCountry "SVK"]
[SourceTitle "EXT 2019"]
[Source "ChessBase"]
[SourceDate "2018.10.10"]
[SourceVersion "1"]
[SourceVersionDate "2018.10.10"]
[SourceQuality "1"]

1. e4 e5 2. Nf3 Nc6 3. d4 exd4 4. Bc4 d6 5. Nxd4 Ne5 6. Bb3 Nf6 7. Nc3 Bd7 8. 0-0 Be7 9. Nf5 Bxf5 10. exf5 c6 11. Ne2 0-0 12. c3 d5 13. Ng3 Qc7 14. Bg5 h6 15. Bh4 Nfg4 16. Bxe7 Qxe7 17. h3 Nf6 18. Re1 Qc7 19. Qd4 Rfe8 20. Re3 Ned7 21. Rae1 Rxe3 22. Rxe3 b6 23. Re7 Qd6 24. Qe3 Ne4 25. f6 Ndxf6 26. Nf5 Qc5 27. Qxc5 Nxc5 28. Bc2 Ncd7 29. Nd6 Rf8 30. Bf5 Nb8 31. Rxa7 g6 32. Bd3 Nbd7 33. f4 Nc5 34. Bc2 Ne8 35. Nc8 b5 36. Ne7+ Kg7 37. Nxg6 Rg8 38. Ne5 Nd6 39. Nxc6 Kf6 40. b4 Ne6 41. f5 Nf4 42. g4 Nxh3+ 43. Kg2 Ng5 44. Rd7 Nc4 45. Bb3 Ne4 46. Bxc4 dxc4 47. Kf3 Nxc3 48. Rd6+ Kg7 49. f6+ Kh7 50. Rd7 Re8 51. Re7 Rf8 52. Ra7 Kg6 53. Nd4 Kxf6 54. Ra6+ Kg7 55. Nf5+ Kg8 56. Nxh6+ Kh7 57. Nf5 Nd5 58. Rd6 Nxb4 59. a3 Nd3 60. g5 Ne5+ 61. Ke4 Ng6 62. Kd4 Nf4 63. Kc3 Ne6 64. Nd4 Nxd4 65. Rxd4 Kg6 66. Rd5 Rb8 67. Kb4 f6 68. gxf6 Kxf6 69. Kc3 Ke6 70. Rh5 Ra8 71. Kb4 Ra4+ 1/2-1/2

[Event "SVK-chT2B 1314"]
[Site "Slovakia"]
[Date "2013.10.20"]
[Round "2.7"]
[White "Uhrecky, Urban"]
[Black "Komlosi, Frantisek"]
[Result "0-1"]
[WhiteElo "1718"]
[BlackElo "1908"]
[PlyCount "60"]
[EventDate "2013.10.19"]
[EventType "team-tourn"]
[EventRounds "11"]
[EventCountry "SVK"]
[SourceTitle "EXT 2015"]
[Source "ChessBase"]
[SourceDate "2014.11.20"]
[SourceVersion "1"]
[SourceVersionDate "2014.11.20"]
[SourceQuality "1"]
[WhiteTeam "Bojnice"]
[BlackTeam "Topolcianky"]
[WhiteTeamCountry "SVK"]
[BlackTeamCountry "SVK"]

1. e4 d6 2. d4 g6 3. Nf3 Bg7 4. Be3 Nf6 5. Bd3 0-0 6. h3 Nc6 7. Qd2 Re8 8. a3 e5 9. d5 Ne7 10. Nc3 c6 11. dxc6 bxc6 12. 0-0 Be6 13. Ng5 Bc8 14. Bc4 d5 15. exd5 cxd5 16. Bb5 Bd7 17. Bxd7 Qxd7 18. Bc5 Qc6 19. b4 d4 20. Ne2 h6 21. Nf3 Ne4 22. Qd3 Nxc5 23. bxc5 e4 24. Nfxd4 exd3 25. Nxc6 Nxc6 26. Nf4 Bxa1 27. Rxa1 dxc2 28. Rc1 Nd4 29. Kf1 Rac8 30. Nd5 Kg7 0-1

[Event "SVK-chT3B2 1213"]
[Site "Slovakia"]
[Date "2013.01.27"]
[Round "6.5"]
[White "Mysiak, Juraj"]
[Black "Uhrecky, Urban"]
[Result "1-0"]
[WhiteElo "1810"]
[BlackElo "1741"]
[PlyCount "77"]
[EventDate "2012.10.28"]
[EventType "team-tourn"]
[EventRounds "14"]
[EventCountry "SVK"]
[SourceTitle "EXT 2022"]
[Source "ChessBase"]
[SourceDate "2021.10.06"]
[SourceVersion "1"]
[SourceVersionDate "2021.10.06"]
[SourceQuality "1"]
[WhiteTeam "Povazska Bystrica II"]
[BlackTeam "Lehota pod Vtacnikom"]
[WhiteTeamCountry "SVK"]
[BlackTeamCountry "SVK"]

1. b3 e5 2. Bb2 d6 3. e3 Nf6 4. d4 e4 5. d5 Be7 6. c4 c5 7. Ne2 Bg4 8. Qc2 Nbd7 9. Ng3 0-0 10. h3 Bh5 11. Nxh5 Nxh5 12. Be2 Nhf6 13. Nd2 Re8 14. Nxe4 Nxe4 15. Qxe4 Qa5+ 16. Kd1 Bf6 17. Qc2 Bxb2 18. Qxb2 Nf6 19. Qd2 Qd8 20. Bf3 a6 21. Qd3 a5 22. a4 b6 23. Kc2 Qe7 24. Rae1 Nd7 25. e4 Qf6 26. Re3 Ne5 27. Qe2 b5 28. cxb5 c4 29. bxc4 Nxc4 30. Rc3 Rec8 31. Rxc4 Qd8 32. Rc6 Qf6 33. Qc4 Rd8 34. Rb1 h5 35. b6 g5 36. b7 Rab8 37. Rc8 Kg7 38. Rxb8 Rxb8 39. Qc3 1-0

[Event "SVK-chT3B2 1112"]
[Site "Slovakia"]
[Date "2011.12.11"]
[Round "4.4"]
[White "Uhrecky, Urban"]
[Black "Cesnek, Peter"]
[Result "1-0"]
[WhiteElo "1758"]
[BlackElo "1663"]
[PlyCount "59"]
[EventDate "2011.10.23"]
[EventType "team-tourn"]
[EventRounds "9"]
[EventCountry "SVK"]
[SourceTitle "EXT 2013"]
[Source "ChessBase"]
[SourceDate "2012.11.22"]
[SourceVersion "1"]
[SourceVersionDate "2012.11.22"]
[SourceQuality "1"]
[WhiteTeam "Bojnice Start SO"]
[BlackTeam "Povazska Bystrica Sparta III"]
[WhiteTeamCountry "SVK"]
[BlackTeamCountry "SVK"]

1. e4 c6 2. d4 d5 3. Nc3 dxe4 4. Nxe4 Bf5 5. Ng3 Bg6 6. Nf3 Nd7 7. Bd3 e6 8. 0-0 Ngf6 9. c4 Bd6 10. Ng5 Qc7 11. c5 Bf4 12. b4 0-0-0 13. Bxg6 hxg6 14. Nxf7 Rhf8 15. Nxd8 Rxd8 16. Qf3 g5 17. a4 Rh8 18. b5 Nd5 19. Qg4 Nf8 20. Bxf4 gxf4 21. Ne4 Nf6 22. Nxf6 gxf6 23. Rfe1 f5 24. Qf3 Rh4 25. h3 Qd7 26. bxc6 bxc6 27. Qd3 Kd8 28. Rab1 Ke7 29. Qxf5 Qxd4 30. Rb7+ 1-0